Race-to-Twelve Word Puzzle #2 - Statistics

General Stats
  • This quiz has been taken 1,295 times
  • The average score is 5 of 10
Answer Stats
# Answer % Correct
3 Ale, Lea
100%
4 Earl, Lear, Rale, Real
100%
5 Alert, Alter, Artel, Later, Ratel, Taler
93%
6 Antler, Learnt, Rental
71%
7 Entrail, Latrine, Ratline, Reliant, Retinal, Trenail
51%
8 Oriental, Relation
37%
9 Orientals, Relations, Serotinal, Tensorial
35%
10 Alienators, Rationales, Senatorial
13%
11 Alterations
12%
12 Aristotelian, Retaliations
9%
No matching quizzes found
Score Distribution
Percent of People with Each Score
Percentile by Number Answered
Your Score History
You have not taken this quiz